Феномен доверия на рынке и его роль в принятии решений; Экономика и предпринимательство; № 9 (74)
| Parent link: | Экономика и предпринимательство: научный журнал.— , 2007- № 9 (74).— 2016.— [С. 1066-1068] |
|---|---|
| מחבר ראשי: | |
| מחבר תאגידי: | |
| מחברים אחרים: | |
| סיכום: | Заглавие с экрана В статье анализируются доверие как экономическая категория. Определено значе ние доверия при принятии финансовых решений. Выявлено, что падение доверие к легальным финан совым институтам приводит к увеличению числа потребителей, относящихся к финансовой пирами де как законному инвестиционному инструменту. Обоснована необходимость оценки доверия при при нятии решений. The article analyzes the confidence as an economic category. We outline the confidence value in making financial decisions. It revealed that the decline in confidence in the legitimate financial institutions leads to an increase in the number of consumers related to the financial pyramid as a legitimate investment instrument. The need to assess confidence in decision-making is substantiated. Режим доступа: по договору с организацией-держателем ресурса |
| שפה: | רוסית |
| יצא לאור: |
2016
|
| נושאים: | |
| גישה מקוונת: | http://elibrary.ru/item.asp?id=26608041 |
| פורמט: | אלקטרוני Book Chapter |
| KOHA link: | https://koha.lib.tpu.ru/cgi-bin/koha/opac-detail.pl?biblionumber=650662 |
MARC
| LEADER | 00000naa0a2200000 4500 | ||
|---|---|---|---|
| 001 | 650662 | ||
| 005 | 20250314145713.0 | ||
| 035 | |a (RuTPU)RU\TPU\network\15895 | ||
| 090 | |a 650662 | ||
| 100 | |a 20161014d2016 k||y0rusy50 ca | ||
| 101 | 0 | |a rus | |
| 102 | |a RU | ||
| 135 | |a drcn ---uucaa | ||
| 181 | 0 | |a i | |
| 182 | 0 | |a b | |
| 200 | 1 | |a Феномен доверия на рынке и его роль в принятии решений |d The phenomenon of confidence in the market and its role in decision-making |f Э. Р. Кашапова, М. С. Егорова | |
| 203 | |a Текст |c электронный | ||
| 300 | |a Заглавие с экрана | ||
| 320 | |a [Библиогр.: 12 назв.] | ||
| 330 | |a В статье анализируются доверие как экономическая категория. Определено значе ние доверия при принятии финансовых решений. Выявлено, что падение доверие к легальным финан совым институтам приводит к увеличению числа потребителей, относящихся к финансовой пирами де как законному инвестиционному инструменту. Обоснована необходимость оценки доверия при при нятии решений. | ||
| 330 | |a The article analyzes the confidence as an economic category. We outline the confidence value in making financial decisions. It revealed that the decline in confidence in the legitimate financial institutions leads to an increase in the number of consumers related to the financial pyramid as a legitimate investment instrument. The need to assess confidence in decision-making is substantiated. | ||
| 333 | |a Режим доступа: по договору с организацией-держателем ресурса | ||
| 461 | |t Экономика и предпринимательство |o научный журнал |d 2007- | ||
| 463 | |t № 9 (74) |v [С. 1066-1068] |d 2016 | ||
| 510 | 1 | |a The phenomenon of confidence in the market and its role in decision-making |z eng | |
| 610 | 1 | |a электронный ресурс | |
| 610 | 1 | |a труды учёных ТПУ | |
| 610 | 1 | |a доверие | |
| 610 | 1 | |a финансовый рынок | |
| 610 | 1 | |a финансовые пирамиды | |
| 610 | 1 | |a опросы | |
| 610 | 1 | |a принятие решений | |
| 700 | 1 | |a Кашапова |b Э. Р. |c экономист |c cтарший преподаватель Томского политехнического университета |f 1988- |g Эльмира Рамисовна |3 (RuTPU)RU\TPU\pers\28094 |9 13053 | |
| 701 | 1 | |a Егорова |b М. С. |c экономист |c ассистент кафедры Томского политехнического университета |f 1982- |g Мария Сергеевна |3 (RuTPU)RU\TPU\pers\29682 |9 14195 | |
| 712 | 0 | 2 | |a Национальный исследовательский Томский политехнический университет |b Институт социально-гуманитарных технологий |b Кафедра экономики |3 (RuTPU)RU\TPU\col\18375 |9 27012 |
| 801 | 2 | |a RU |b 63413507 |c 20161014 |g RCR | |
| 856 | 4 | |u http://elibrary.ru/item.asp?id=26608041 | |
| 942 | |c CF | ||